Brer Rabbit's A Rascal (Record no. 1225689)

MARC details
000 -LEADER
fixed length control field 00474nam a2200193Ia 4500
008 - FIXED-LENGTH DATA ELEMENTS--GENERAL INFORMATION
fixed length control field 151121s9999||||xx |||||||||||||| ||und||
082 ## - DEWEY DECIMAL CLASSIFICATION NUMBER
Classification number 823-/BLY
082 ## - DEWEY DECIMAL CLASSIFICATION NUMBER
Item number HNW-31825
100 ## - MAIN ENTRY--PERSONAL NAME
Personal name Blytou's Enid
245 ## - TITLE STATEMENT
Title Brer Rabbit's A Rascal
260 ## - PUBLICATION, DISTRIBUTION, ETC. (IMPRINT)
Name of publisher, distributor, etc "Dean & Son Ltd, London।"
260 ## - PUBLICATION, DISTRIBUTION, ETC. (IMPRINT)
Date of publication, distribution, etc --
300 ## - PHYSICAL DESCRIPTION
Extent 184
600 ## - SUBJECT ADDED ENTRY--PERSONAL NAME
Personal name Blytou's Enid
630 ## - SUBJECT ADDED ENTRY--UNIFORM TITLE
Uniform title Brer Rabbit's A Rascal
700 ## - ADDED ENTRY--PERSONAL NAME
Personal name Blytou's Enid
730 ## - ADDED ENTRY--UNIFORM TITLE
Uniform title Brer Rabbit's A Rascal
942 ## - ADDED ENTRY ELEMENTS (KOHA)
Koha item type Book
Holdings
Withdrawn status Lost status Damaged status Not for loan Home library Current library Date acquired Cost, normal purchase price Total Checkouts Full call number Barcode Date last seen Cost, replacement price Price effective from Koha item type
        Hirachand Nemchand Wachanalaya, Solapur Hirachand Nemchand Wachanalaya, Solapur 11/21/2015 0.00   HNW-31825 HNW-31825 11/21/2015 0.00 11/21/2015 Book